<?xml version="1.0" encoding="UTF-8"?>
<record
    xmlns:xsi="http://www.w3.org/2001/XMLSchema-instance"
    xsi:schemaLocation="http://www.loc.gov/MARC21/slim http://www.loc.gov/standards/marcxml/schema/MARC21slim.xsd"
    xmlns="http://www.loc.gov/MARC21/slim">

  <leader>02802nam a2200313 a 4500</leader>
  <controlfield tag="001">000005862</controlfield>
  <controlfield tag="003">DO-SdBNP</controlfield>
  <controlfield tag="005">20171019111913.0</controlfield>
  <controlfield tag="007">000005862</controlfield>
  <controlfield tag="008">090824s2009    dr            001 0 spa d</controlfield>
  <datafield tag="020" ind1=" " ind2=" ">
    <subfield code="a">9789945162974</subfield>
  </datafield>
  <datafield tag="040" ind1=" " ind2=" ">
    <subfield code="a">BPMSU</subfield>
    <subfield code="b">spa</subfield>
    <subfield code="c">BPMSU</subfield>
  </datafield>
  <datafield tag="082" ind1=" " ind2="4">
    <subfield code="a">460.7</subfield>
    <subfield code="b">A475c, 2009</subfield>
  </datafield>
  <datafield tag="100" ind1="1" ind2=" ">
    <subfield code="a">Alvino Romero, Sonia</subfield>
  </datafield>
  <datafield tag="245" ind1="1" ind2="0">
    <subfield code="a">Curso b&#xE1;sico de lengua espa&#xF1;ola para un aprendizaje activo /</subfield>
    <subfield code="c">Sonia Alvino Romero.</subfield>
  </datafield>
  <datafield tag="250" ind1=" " ind2=" ">
    <subfield code="a">2a ed.</subfield>
  </datafield>
  <datafield tag="260" ind1=" " ind2=" ">
    <subfield code="a">Santo Domingo, :</subfield>
    <subfield code="b">B&#xFA;ho,</subfield>
    <subfield code="c">2009.</subfield>
  </datafield>
  <datafield tag="300" ind1=" " ind2=" ">
    <subfield code="a">137 p. ;</subfield>
    <subfield code="c">28 cm.</subfield>
  </datafield>
  <datafield tag="504" ind1=" " ind2=" ">
    <subfield code="a">Bibliograf&#xED;a : p. 135-137</subfield>
  </datafield>
  <datafield tag="505" ind1="0" ind2=" ">
    <subfield code="t">La comunicaci&#xF3;n --</subfield>
    <subfield code="t">La lectura --</subfield>
    <subfield code="t">La lengua --</subfield>
    <subfield code="t">Distintas modalidades en el uso de la lengua --</subfield>
    <subfield code="t">La oraci&#xF3;n: unidad de comunicaci&#xF3;n --</subfield>
    <subfield code="t">El p&#xE1;rrafo --</subfield>
    <subfield code="t">Posici&#xF3;n de la oraci&#xF3;n principal o tem&#xE1;tica --</subfield>
    <subfield code="t">Posici&#xF3;n de la oraci&#xF3;n principal o tem&#xE1;tica --</subfield>
    <subfield code="t">Cualidades del p&#xE1;rrafo --</subfield>
    <subfield code="t">Clasificaci&#xF3;n de los p&#xE1;rrafos --</subfield>
    <subfield code="t">El resumen --</subfield>
    <subfield code="t">T&#xE9;cnicas para realizar un resumen --</subfield>
    <subfield code="t">Uso de las formas verbales --</subfield>
    <subfield code="t">Clasificaci&#xF3;n del verbo --</subfield>
    <subfield code="t">Formas no personales del verbo --</subfield>
    <subfield code="t">Formas de los tiempos verbales --</subfield>
    <subfield code="t">Uso de las formas verbales seg&#xFA;n los modos y los tiempos --</subfield>
    <subfield code="t">Las per&#xED;frasis verbales --</subfield>
    <subfield code="t">La acentuaci&#xF3;n --</subfield>
    <subfield code="t">C&#xF3;mo acentuar las palabras --</subfield>
    <subfield code="t">&#xBF;C&#xF3;mo clasificar las palabras seg&#xFA;n el lugar del acento? --</subfield>
    <subfield code="t">Diptongos, triptongos e hiatos --</subfield>
    <subfield code="t">Uso de la tilde diacr&#xED;tica --</subfield>
    <subfield code="t">Uso de las letras may&#xFA;sculas --</subfield>
    <subfield code="t">Los signos de puntuaci&#xF3;n --</subfield>
    <subfield code="t">Uso relativo al punto (. ) --</subfield>
    <subfield code="t">Uso relativo a la coma ( , ) --</subfield>
    <subfield code="t">Uso relativo al punto y coma ( ; ) --</subfield>
    <subfield code="t">Uso relativo de a los dos puntos ( : ) --</subfield>
    <subfield code="t">Uso relativo a los puntos suspensivos ( ... ) --</subfield>
    <subfield code="t">Uso de los signos de interrogaci&#xF3;n ( &#xBF;? ) --</subfield>
    <subfield code="t">Uso de los signos de admiraci&#xF3;n ( &#xA1;! ) --</subfield>
    <subfield code="t">Uso del par&#xE9;ntesis ( ) --</subfield>
    <subfield code="t">Uso de las comillas ( " ) ( &gt;&gt;&lt;&lt; ) --</subfield>
    <subfield code="t">Uso de la raya o gui&#xF3;n largo ( __ ) --</subfield>
    <subfield code="t">Uso del gu&#xED;on (--)</subfield>
    <subfield code="t">La bibliograf&#xED;a --</subfield>
    <subfield code="t">Distintas modalidades de presentar las referencias bibliogr&#xE1;ficas --</subfield>
    <subfield code="t">La narraci&#xF3;n --</subfield>
    <subfield code="t">La estructura de la narraci&#xF3;n --</subfield>
    <subfield code="t">Los elementos de la oraci&#xF3;n --</subfield>
    <subfield code="t">C&#xF3;mo iniciar la redacci&#xF3;n de una oraci&#xF3;n --</subfield>
    <subfield code="t">La descripci&#xF3;n --</subfield>
    <subfield code="t">Clasificaci&#xF3;n --</subfield>
    <subfield code="t">La exposici&#xF3;n --</subfield>
    <subfield code="t">Qu&#xE9; hacer antes de redactar un texto expositivo --</subfield>
    <subfield code="t">Cualidades de un texto expositivo --</subfield>
    <subfield code="t">Formas de presentar o abordar un tema en un texto expositivo --</subfield>
    <subfield code="t">Esquema para un texto expositivo corto --</subfield>
    <subfield code="t">Esquema para texto un texto expositivo largo --</subfield>
    <subfield code="t">Bibliograf&#xED;a.</subfield>
  </datafield>
  <datafield tag="650" ind1=" " ind2="4">
    <subfield code="a">ESPA&#xD1;OL</subfield>
    <subfield code="x">ESTUDIO Y ENSE&#xD1;ANZA</subfield>
  </datafield>
  <datafield tag="650" ind1=" " ind2="4">
    <subfield code="a">ESPA&#xD1;OL</subfield>
    <subfield code="x">EJERCICIOS DE REDACCI&#xD3;N</subfield>
  </datafield>
  <datafield tag="650" ind1=" " ind2="4">
    <subfield code="a">ESPA&#xD1;OL</subfield>
    <subfield code="x">GR&#xC1;MATICA</subfield>
    <subfield code="x">ESTUDIO Y ENSE&#xD1;ANZA</subfield>
  </datafield>
  <datafield tag="650" ind1=" " ind2="4">
    <subfield code="a">ESPA&#xD1;OL</subfield>
    <subfield code="x">GRAM&#xC1;TICA</subfield>
    <subfield code="x">EJERCICIOS DE REDACCI&#xD3;N</subfield>
  </datafield>
  <datafield tag="910" ind1=" " ind2=" ">
    <subfield code="a">Validado. Control de calidad BNPHU</subfield>
  </datafield>
  <datafield tag="942" ind1=" " ind2=" ">
    <subfield code="2">ddc</subfield>
    <subfield code="c">BK</subfield>
  </datafield>
  <datafield tag="945" ind1=" " ind2=" ">
    <subfield code="a">Inventariado de texto / 2017 VM</subfield>
  </datafield>
  <datafield tag="952" ind1=" " ind2=" ">
    <subfield code="0">0</subfield>
    <subfield code="1">0</subfield>
    <subfield code="2">ddc</subfield>
    <subfield code="4">0</subfield>
    <subfield code="7">0</subfield>
    <subfield code="8">CE</subfield>
    <subfield code="a">BPMET</subfield>
    <subfield code="b">BPMET</subfield>
    <subfield code="d">2014-07-14</subfield>
    <subfield code="e">Donaci&#xF3;n </subfield>
    <subfield code="l">0</subfield>
    <subfield code="o">460.7  A475c 2009</subfield>
    <subfield code="p">BPMSU15040528</subfield>
    <subfield code="r">2014-07-14</subfield>
    <subfield code="w">2014-07-14</subfield>
    <subfield code="y">BK</subfield>
  </datafield>
  <datafield tag="952" ind1=" " ind2=" ">
    <subfield code="0">0</subfield>
    <subfield code="1">0</subfield>
    <subfield code="2">ddc</subfield>
    <subfield code="4">0</subfield>
    <subfield code="7">0</subfield>
    <subfield code="8">CE</subfield>
    <subfield code="a">BPMET</subfield>
    <subfield code="b">BPMET</subfield>
    <subfield code="d">2015-08-13</subfield>
    <subfield code="e">Donado </subfield>
    <subfield code="l">0</subfield>
    <subfield code="o">460.7  A475c  2009</subfield>
    <subfield code="p">BPMSU15080392</subfield>
    <subfield code="r">2015-08-13</subfield>
    <subfield code="t">e. 2</subfield>
    <subfield code="w">2015-08-13</subfield>
    <subfield code="y">BK</subfield>
  </datafield>
  <datafield tag="952" ind1=" " ind2=" ">
    <subfield code="0">0</subfield>
    <subfield code="1">0</subfield>
    <subfield code="2">ddc</subfield>
    <subfield code="4">0</subfield>
    <subfield code="7">0</subfield>
    <subfield code="8">CE</subfield>
    <subfield code="a">BPMET</subfield>
    <subfield code="b">BPMET</subfield>
    <subfield code="d">2015-08-13</subfield>
    <subfield code="e">Donaci&#xF3;n </subfield>
    <subfield code="l">0</subfield>
    <subfield code="o">460.7  A475c  2009</subfield>
    <subfield code="p">BPMSU15080393</subfield>
    <subfield code="r">2015-08-13</subfield>
    <subfield code="t">e. 3</subfield>
    <subfield code="w">2015-08-13</subfield>
    <subfield code="y">BK</subfield>
  </datafield>
  <datafield tag="956" ind1=" " ind2=" ">
    <subfield code="a">VMATEO</subfield>
    <subfield code="b">10</subfield>
    <subfield code="c">20150813</subfield>
    <subfield code="l">BPMSU</subfield>
    <subfield code="h">0069</subfield>
  </datafield>
  <datafield tag="999" ind1=" " ind2=" ">
    <subfield code="c">7133</subfield>
    <subfield code="d">7133</subfield>
  </datafield>
</record>
